Detalles MARC
| 000 -CABECERA |
| campo de control de longitud fija |
01054nam a22002537a 4500 |
| 003 - IDENTIFICADOR DEL NÚMERO DE CONTROL |
| campo de control |
BPGM |
| 008 - DATOS DE LONGITUD FIJA--INFORMACIÓN GENERAL |
| campo de control de longitud fija |
260618b2008 mx ||||| |||| 001 0 spa d |
| 020 ## - NÚMERO INTERNACIONAL ESTÁNDAR DEL LIBRO |
| Número Internacional Estándar del Libro |
978-607-7619-04-8 |
| 040 ## - FUENTE DE LA CATALOGACIÓN |
| Centro catalogador/agencia de origen |
BPGM |
| Lengua de catalogación |
spa |
| 041 ## - CÓDIGO DE LENGUA |
| Código de lengua del texto/banda sonora o título independiente |
spa |
| Código de lengua original |
spa |
| 082 04 - NÚMERO DE LA CLASIFICACIÓN DECIMAL DEWEY |
| Número de edición |
2008 |
| Número de clasificación |
CQ 868M / |
| Número de documento/Ítem |
F474 |
| 100 ## - ENTRADA PRINCIPAL--NOMBRE DE PERSONA |
| Nombre de persona |
FÈRNANDEZ ZURDO, OSVALDO |
| 245 ## - MENCIÓN DE TÍTULO |
| Título |
HÈROE |
| 260 ## - PUBLICACIÓN, DISTRIBUCIÓN, ETC. |
| Lugar de publicación, distribución, etc. |
QUERÈTARO ; |
| Nombre del editor, distribuidor, etc. |
INSTITUTO QUERETANO DE LA CULTURA Y LAS ARTES , |
| Fecha de publicación, distribución, etc. |
2008 . |
| 300 ## - DESCRIPCIÓN FÍSICA |
| Extensión |
64 pàginas |
| Dimensiones |
22.2 cm x 10.3 cm |
| 336 ## - TIPO DE CONTENIDO |
| Fuente |
rdacontent |
| Término de tipo de contenido |
texto |
| Código de tipo de contenido |
txt |
| 337 ## - TIPO DE MEDIO |
| Fuente |
rdamedia |
| Nombre/término del tipo de medio |
sin mediación |
| Código del tipo de medio |
n |
| 338 ## - TIPO DE SOPORTE |
| Fuente |
rdacarrier |
| Nombre/término del tipo de soporte |
volumen |
| Código del tipo de soporte |
nc |
| 505 ## - NOTA DE CONTENIDO CON FORMATO |
| Nota de contenido con formato |
ES UNA OBRA QUE EXPLORA LA COMPLEJIDAD DE LA CONDICIÓN HUMANA, EL SACRIFICIO Y LA BÚSQUEDA DE REDENCIÓN. A TRAVÉS DE UNA NARRATIVA INTENSA Y EMOCIONAL, EL AUTOR NOS SUMERGE EN LA VIDA DE UN PROTAGONISTA QUE ENFRENTA DESAFÍOS EXTRAORDINARIOS, TRASCIENDIENDO LAS CIRCUNSTANCIAS ADVERSAS DE SU ENTORNO. |
| 650 ## - PUNTO DE ACCESO ADICIONAL DE MATERIA--TÉRMINO DE MATERIA |
| Término de materia o nombre geográfico como elemento de entrada |
LITERATURA Y RETÓRICA |
| 650 ## - PUNTO DE ACCESO ADICIONAL DE MATERIA--TÉRMINO DE MATERIA |
| Término de materia o nombre geográfico como elemento de entrada |
LITERATURAS ESPAÑOLA Y PORTUGUESA |
| 650 ## - PUNTO DE ACCESO ADICIONAL DE MATERIA--TÉRMINO DE MATERIA |
| Término de materia o nombre geográfico como elemento de entrada |
ESCRITOS VARIOS ESPAÑOLES |
| 942 ## - ELEMENTOS DE PUNTO DE ACCESO ADICIONAL (KOHA) |
| Fuente del sistema de clasificación o colocación |
Dewey Decimal Classification |
| Tipo de ítem Koha |
Colección Querétaro |